Evaluación de la eficiencia de un modelo de carbón activado en polvo y granular en la Planta Potabilizadora de Guadalupe
Uloženo v:
| Hlavní autor: | |
|---|---|
| Médium: | Kniha |
| Vydáno: |
[San José, Costa Rica]
2005
|
| Témata: | |
| Tagy: |
Přidat tag
Žádné tagy, Buďte první, kdo vytvoří štítek k tomuto záznamu!
|
MARC
| LEADER | 00000nam a2200000Ia 4500 | ||
|---|---|---|---|
| 003 | 009554 | ||
| 005 | 20221231144129.0 | ||
| 008 | 140114s2005 cr a m 000 ||s d | ||
| 040 | |c cru CEDI | ||
| 090 | |a TFG 5094 | ||
| 100 | |a Esquivel Castro, Rosita |9 5954 | ||
| 245 | |a Evaluación de la eficiencia de un modelo de carbón activado en polvo y granular en la Planta Potabilizadora de Guadalupe | ||
| 260 | |c 2005 |a [San José, Costa Rica] | ||
| 300 | |a x, 90, [49] hojas : ilustraciones a color | ||
| 500 | |a Proyecto de graduación (licenciatura en ingeniería civil)--Universidad de Costa Rica. Facultad de Ingeniería. Escuela de Ingeniería Civil | ||
| 650 | |x PLANTA POTABILIZADORA DE GUADALUPE |x AGUA |x CARBON ACTIVADO |x APLICACIONES INDUSTRIALES |x DOSIFICACION |x PURIFICACION DEL AGUA |9 5955 | ||
| 942 | |c TFG | ||
| 999 | |c 17329 |d 17329 | ||
